| 000 | 01019nam a22002417a 4500 | ||
|---|---|---|---|
| 003 | UA-OsUOA | ||
| 001 | 51864 | ||
| 007 | ta | ||
| 008 | 20141030b un ||||| |||| 00| 0 ukr d | ||
| 090 | _a94(477).04 | ||
| 942 | _cBK | ||
| 040 |
_aUA-OsUOA _bukr _cUA-OsUOA _dUA-OsUOA |
||
| 245 | _aОтъ Сечи Запорожской: Устное повествование бывшаго запорожца, жителя Екатеринославской губернии и уезда селенія Михайловки, Никиты Леонтьевича Коржа | ||
| 300 | _a60 с. | ||
| 955 | _a4 | ||
| 041 | _aukr | ||
| 080 | _a94(477).04 | ||
| 260 |
_aОдесса _bВъ городской типографіи _c1842 |
||
| 250 | _nРепринтное издание: Днерпопетровск, 1991 | ||
| 650 | 7 |
_a9 Географія. Біографії. Історія _2UDC |
|
| 999 |
_c431988 _d431988 |
||